Colección de melodías para canto y piano [ (Record no. 172970)

MARC details
000 -LEADER
campo de control de longitud fija 01757nam a2200217 i 4500
001 - NÚMERO DE CONTROL
campo de control 172970
003 - IDENTIFICADOR DE NÚMERO DE CONTROL
campo de control ES-MaACL
005 - FECHA Y HORA DE LA ÚLTIMA TRANSACCIÓN
campo de control 20250803064231.0
008 - DATOS DE LONGITUD FIJA--INFORMACIÓN GENERAL
campo de control de longitud fija 090925q18881899sp |||| | spa d
100 1# - ENTRADA PRINCIPAL--NOMBRE DE PERSONA
Nombre de persona Rodríguez, Gabriel,
Fechas asociadas al nombre 1829-1901
9 (RLIN) 98243
245 10 - MENCIÓN DEL TÍTULO
Título Colección de melodías para canto y piano [
Medio Música anotada].
260 ## - PUBLICACIÓN, DISTRIBUCIÓN, ETC.
Lugar de publicación, distribución, etc. Barcelona :
Nombre del editor, distribuidor, etc. Juan Bta. Pujol,
Fecha de publicación, distribución, etc. [entre 1888 y 1899]
300 ## - DESCRIPCIÓN FÍSICA
Extensión 1 partitura (127 p.) ;
Dimensiones 31 cm.
505 8# - NOTA DE CONTENIDO CON FORMATO
Nota de contenido con formato Contiene: Melodías con letra italiana: Pietá / letra de Luigi Carrer ; L'ultimo dono / letra de Redaeli ; Mezza notte ; Il ritorno ; Lontan da te ; Sempre ; Il dolce bacio / letra de Luigi Carrer ; La foglia / letra de G. Leopardi ; Pasa la nave mia / letra de J. Carducci ; L'infinito / letra de G. Leopardi -- Con letra francesa: L'alouette ; La folle ; Mon coeur ; La fleur d'un jour ; Extase ; Nuit de Juin ; Serenade ; Quia pulvis es / letra de Victor Hugo -- Con letra alemana: Ständchen ; Die Kapelle / letra de Ludwig Uhland -- Con letra española: En el otoño ; Sol de ma vida / V. Balaguer -- La muerte de la niña, elegías de V. Ruiz de Aguilera: El llanto ; Plegaria ; La muerte de la niña ; Desesperación ; El saboyano ; Resignación -- Rimas de G. Bécquer: Si al merecer las azules campanillas ; Olas gigantes ; Asomaba a sus ojos una lágrima ; Eras el huracán ; Hoy como ayer
530 ## - NOTA DISPONIBLE DE FORMULARIO FÍSICO ADICIONAL
Nota de formato físico adicional disponible Disponible en formato digital.
600 14 - PUNTO DE ACCESO ADICIONAL DE MATERIA--NOMBRE DE PERSONA
Nombre de persona Bécquer, Gustavo Adolfo,
Fechas asociadas al nombre 1836-1870.
Título de la obra Rimas-
Subdivisión general Adaptaciones musicales
9 (RLIN) 174138
650 #4 - PUNTO DE ACCESO ADICIONAL DE MATERIA--TÉRMINO DE MATERIA
Término de materia o nombre geográfico como elemento de entrada Canciones con piano.
9 (RLIN) 141417
852 4# - LOCALIZACIÓN
Ubicación ES-MaACL
Número de control de estantería T-1238-F-5
Nota libre - Firma de Gabriel Rodríguez en cub.
856 4# - LOCALIZACIÓN Y ACCESO ELECTRÓNICOS
Identificador Uniforme de Recursos <a href="http://bdh-rd.bne.es/viewer.vm?id=0000073224&page=1 ">http://bdh-rd.bne.es/viewer.vm?id=0000073224&page=1 </a>
Nota pública Biblioteca Digital Hispánica
Holdings
Estatus retirado Estado de pérdida Estado de daño No para préstamo Colección Biblioteca de origen Biblioteca actual Ubicación en estantería Fecha de adquisición Fuente de adquisición Total de préstamos Signatura topográfica completa Código de barras Visto por última vez Precio de reemplazo Tipo de ítem Koha
        Colección de folletos Biblioteca del Ateneo de Madrid Biblioteca del Ateneo de Madrid Depósito folletos 25/09/2009     T-1238-F-5 1181499 23/02/2023 23/02/2023 Folleto